Die Lohnentwicklung in den mittel- und osteuropäischen Mitgliedsländern der EU (Record no. 8575)
[ view plain ]
| 000 -LEADER | |
|---|---|
| fixed length control field | 04206nam a22005417u 4500 |
| 001 - CONTROL NUMBER | |
| control field | pwiiw4605 |
| 003 - CONTROL NUMBER IDENTIFIER | |
| control field | OSt |
| 005 - DATE AND TIME OF LATEST TRANSACTION | |
| control field | 20260516120049.0 |
| 008 - FIXED-LENGTH DATA ELEMENTS--GENERAL INFORMATION | |
| fixed length control field | 180726t2018 au ||||| |||||||| ||ger d |
| 040 ## - CATALOGING SOURCE | |
| Transcribing agency | OSt |
| 041 ## - LANGUAGE CODE | |
| Language code of text/sound track or separate title | ger |
| 084 ## - OTHER CLASSIFICATION NUMBER | |
| Classification number | J11 |
| -- | J31 |
| -- | J4 |
| -- | J50 |
| Number source | jelc |
| 100 1# - MAIN ENTRY--PERSONAL NAME | |
| Personal name | Astrov, Vasily |
| 245 10 - TITLE STATEMENT | |
| Title | Die Lohnentwicklung in den mittel- und osteuropäischen Mitgliedsländern der EU |
| 260 ## - PUBLICATION, DISTRIBUTION, ETC. | |
| Place of publication, distribution, etc. | Wien : |
| Name of publisher, distributor, etc. | Wiener Institut für Internationale Wirtschaftsvergleiche (wiiw), |
| Date of publication, distribution, etc. | 2018. |
| 300 ## - PHYSICAL DESCRIPTION | |
| Extent | 67 S., |
| Other physical details | 16 Tables and 27 Figures, |
| Dimensions | 30cm. |
| 490 1# - SERIES STATEMENT | |
| Series statement | wiiw Research Reports in German Language |
| Volume/sequential designation | 12 |
| 520 ## - SUMMARY, ETC. | |
| Summary, etc. | This publication is available in German language only.<br/><br/>For a brief English summary see further below.<br/><br/>Die Arbeitsmärkte in den mittel- und osteuropäischen Mitgliedsländern der EU (EU-MOE-8) haben sich seit der globalen Wirtschaftskrise von 2008-2009 deutlich verbessert. Die Arbeitslosenraten gingen kontinuierlich zurück, in erster Linie aufgrund rückläufiger demographischer Entwicklungen und massiver Auswanderung Richtung Westen, was eine Schrumpfung der Bevölkerung im erwerbsfähigen Alter zur Folge hatte. Trotzdem war das Lohnwachstum in den EU-MOE-8 noch bis vor kurzem eher verhalten, was dazu führte, dass die Lohnquote generell stabil blieb. Die sogenannte Phillips-Kurve, die einen negativen Zusammenhang zwischen Arbeitslosigkeit und Lohnwachstum darstellt, gilt also in diesem Zeitraum für die meisten EU-MOE-8 nicht – anders als etwa in Österreich oder Deutschland. Der Hauptgrund dafür ist die voranschreitende Flexibilisierung und Liberalisierung der Arbeitsmärkte der EU-MOE-Länder in den Jahren seit der Wirtschaftskrise. Vor allem die Lohnverhandlungsmechanismen wurden dezentralisiert, und der Grad der kollektivvertraglichen Abdeckung ging, zum Teil dramatisch, zurück. Dies hatte tendenziell eine Verschlechterung der Verhandlungsposition der ArbeitnehmerInnen zur Folge, wodurch die positiven Effekte der allgemeinen Verbesserung der Arbeitsmarktlage konterkariert wurden.<br/><br/> <br/><br/>English Summary<br/><br/>Wage developments in the Central and East European Member States of the EU<br/><br/>Labour markets in the Central and East European Member States of the EU (EU-CEE-8) have improved significantly since the global economic crisis of 2008-2009. Unemployment rates declined steadily, primarily due to adverse demographic trends and massive outward migration to the West, which resulted in a decline in the working-age population. Nevertheless, until recently wage growth in EU-CEE-8 was rather restrained, resulting in generally stable wage shares. The so-called Phillips curve, which represents a negative correlation between unemployment and wage growth, did not hold for most EU-CEE-8 during this period – unlike, for example, in Austria or Germany. The main reason for this has been progressive flexibilisation and liberalisation of the labour markets of EU-CEE countries in the years since the economic crisis. In particular, wage negotiation mechanisms have been decentralised and the degree of coverage by collective bargaining agreements has declined, in some cases dramatically. This tended to weaken the negotiating position of employees, thereby counteracting the positive effects of the general improvement in the labour market situation.<br/> |
| 650 ## - SUBJECT ADDED ENTRY--TOPICAL TERM | |
| Topical term or geographic name entry element | Löhne |
| 650 ## - SUBJECT ADDED ENTRY--TOPICAL TERM | |
| Topical term or geographic name entry element | Lohnquote |
| 650 ## - SUBJECT ADDED ENTRY--TOPICAL TERM | |
| Topical term or geographic name entry element | demographische Trends |
| 650 ## - SUBJECT ADDED ENTRY--TOPICAL TERM | |
| Topical term or geographic name entry element | Migration |
| 650 ## - SUBJECT ADDED ENTRY--TOPICAL TERM | |
| Topical term or geographic name entry element | Phillips-Kurve |
| 650 ## - SUBJECT ADDED ENTRY--TOPICAL TERM | |
| Topical term or geographic name entry element | Lohnfindungsmechanismen |
| 650 ## - SUBJECT ADDED ENTRY--TOPICAL TERM | |
| Topical term or geographic name entry element | wages |
| 650 ## - SUBJECT ADDED ENTRY--TOPICAL TERM | |
| Topical term or geographic name entry element | wage share |
| 650 ## - SUBJECT ADDED ENTRY--TOPICAL TERM | |
| Topical term or geographic name entry element | demographic trends |
| 650 ## - SUBJECT ADDED ENTRY--TOPICAL TERM | |
| Topical term or geographic name entry element | migration |
| 650 ## - SUBJECT ADDED ENTRY--TOPICAL TERM | |
| Topical term or geographic name entry element | Phillips curve |
| 650 ## - SUBJECT ADDED ENTRY--TOPICAL TERM | |
| Topical term or geographic name entry element | wage-setting mechanisms |
| 651 ## - SUBJECT ADDED ENTRY--GEOGRAPHIC NAME | |
| Geographic name | Bulgaria |
| 651 ## - SUBJECT ADDED ENTRY--GEOGRAPHIC NAME | |
| Geographic name | Croatia |
| 651 ## - SUBJECT ADDED ENTRY--GEOGRAPHIC NAME | |
| Geographic name | Czechia |
| 651 ## - SUBJECT ADDED ENTRY--GEOGRAPHIC NAME | |
| Geographic name | Hungary |
| 651 ## - SUBJECT ADDED ENTRY--GEOGRAPHIC NAME | |
| Geographic name | Poland |
| 651 ## - SUBJECT ADDED ENTRY--GEOGRAPHIC NAME | |
| Geographic name | Romania |
| 651 ## - SUBJECT ADDED ENTRY--GEOGRAPHIC NAME | |
| Geographic name | Slovakia |
| 651 ## - SUBJECT ADDED ENTRY--GEOGRAPHIC NAME | |
| Geographic name | Slovenia |
| 690 ## - LOCAL SUBJECT ADDED ENTRY--TOPICAL TERM (OCLC, RLIN) | |
| Topical term or geographic name as entry element | Labour, Migration and Income Distribution |
| 700 1# - ADDED ENTRY--PERSONAL NAME | |
| Personal name | Holzner, Mario |
| 700 1# - ADDED ENTRY--PERSONAL NAME | |
| Personal name | Leitner, Sebastian |
| 700 1# - ADDED ENTRY--PERSONAL NAME | |
| Personal name | Mara, Isilda |
| 700 1# - ADDED ENTRY--PERSONAL NAME | |
| Personal name | Podkaminer, Leon |
| 700 1# - ADDED ENTRY--PERSONAL NAME | |
| Personal name | Rezai, Armon |
| 830 #0 - SERIES ADDED ENTRY--UNIFORM TITLE | |
| Volume/sequential designation | 12 |
| Bibliographic record control number | WIIW0000108 |
| Title of a work | wiiw Research Reports in German Language |
| 856 40 - ELECTRONIC LOCATION AND ACCESS | |
| Uniform Resource Identifier | <a href="https://wiiw.ac.at/p-4605.html">https://wiiw.ac.at/p-4605.html</a> |
| 942 ## - ADDED ENTRY ELEMENTS (KOHA) | |
| Koha item type | Paper |
| Withdrawn status | Lost status | Damaged status | Not for loan | Home library | Current library | Shelving location | Date acquired | Inventory number | Total Checkouts | Barcode | Date last seen | Price effective from | Koha item type |
|---|---|---|---|---|---|---|---|---|---|---|---|---|---|
| WIIW | WIIW | Library | 07/26/2018 | pwiiw4605 | 1000010004605 | 07/26/2018 | 11/21/2018 | Paper |
